| 000 | 00614nam a22002297a 4500 | ||
|---|---|---|---|
| 005 | 20170124110052.0 | ||
| 010 | _a271497 | ||
| 020 | _c00.00 | ||
| 035 | _a271497 | ||
| 037 | _bCen Lib/Ret | ||
| 040 |
_aDPL _bEN |
||
| 082 |
_a658 _bMAN |
||
| 245 |
_aManaging the independent business / _cedited by Lee E Preston |
||
| 260 |
_aAmerica _bPrentice hall inc _c1962 |
||
| 270 | _bAmerica | ||
| 300 |
_a334p. _c21cm(Hb) |
||
| 500 | _aIncludes index | ||
| 650 |
_aManganing business _925664 |
||
| 650 |
_aIndependent business _925665 |
||
| 700 | _925566 | ||
| 942 |
_2ddc _cEN _h658 _mMAN |
||
| 999 |
_c129184 _d129184 |
||